Romeo y Julieta / (Record no. 37145)
[ view plain ]
| 000 -CABECERA | |
|---|---|
| campo de control de longitud fija | 00725nam a2200193 a 4500 |
| 001 - NÚMERO DE CONTROL | |
| campo de control | 000037655 |
| 005 - FECHA Y HORA DE LA ÚLTIMA TRANSACCIÓN | |
| campo de control | 20201002031110.0 |
| 008 - DATOS DE LONGITUD FIJA--INFORMACIÓN GENERAL | |
| campo de control de longitud fija | 121024s2006 ck a 000 0 spa d |
| 020 ## - NÚMERO INTERNACIONAL ESTÁNDAR DEL LIBRO | |
| Número Internacional Estándar del Libro | 9583005002 |
| 040 ## - FUENTE DE LA CATALOGACIÓN | |
| Centro catalogador/agencia de origen | DO-SdBNP |
| Lengua de catalogación | spa |
| Centro/agencia transcriptor | BNPHU |
| 082 ## - NÚMERO DE LA CLASIFICACIÓN DECIMAL DEWEY | |
| Número de clasificación | xxx |
| Número de documento/Ítem | S527r |
| 100 1# - ENTRADA PRINCIPAL--NOMBRE DE PERSONA | |
| Nombre de persona | Shakespeare, William |
| Fechas asociadas al nombre | 1564-1616 |
| 9 (RLIN) | 6748 |
| 245 10 - MENCIÓN DE TÍTULO | |
| Título | Romeo y Julieta / |
| Mención de responsabilidad, etc. | William Shakespeare ; traducción Marcelino Menéndez y Pelayo ; prólogo Jorge Plata S. |
| 260 ## - PUBLICACIÓN, DISTRIBUCIÓN, ETC. | |
| Lugar de publicación, distribución, etc. | Bogotá, Colombia : |
| Nombre del editor, distribuidor, etc. | Panamericana, |
| Fecha de publicación, distribución, etc. | 2006. |
| 300 ## - DESCRIPCIÓN FÍSICA | |
| Extensión | 111 p. : |
| Otras características físicas | il. ; |
| Dimensiones | 21 cm. |
| 500 ## - NOTA GENERAL | |
| Nota general | La biblioteca posee la sexta reimpresión de la primera impresión del 1998. |
| 700 1# - PUNTO DE ACCESO ADICIONAL--NOMBRE DE PERSONA | |
| Nombre de persona | Menéndez y Pelayo, Marcelino |
| Término indicativo de función/relación | tr. |
| 9 (RLIN) | 60052 |
| 700 1# - PUNTO DE ACCESO ADICIONAL--NOMBRE DE PERSONA | |
| Nombre de persona | Plata S., Jorge, |
| Término indicativo de función/relación | pról. |
| 9 (RLIN) | 64125 |
| Estado de retiro | Estado de pérdida | Restricciones de uso | No para préstamo | Código de colección | Localización permanente | Ubicación/localización actual | Ubicación en estantería | Fecha de adquisición | Número de inventario | Total de préstamos | Signatura topográfica completa | Código de barras | Fecha visto por última vez | Precio válido a partir de | Tipo de ítem Koha | Número de copia |
|---|---|---|---|---|---|---|---|---|---|---|---|---|---|---|---|---|
| Excluido de préstamo | Monografías: Libros y Folletos | General | General | Depósito | 24.10.2012 | LF1 | xxx S527r | 37655-10 | 25.06.2020 | 25.06.2020 | No se presta | |||||
| Excluido de préstamo | Monografías: Libros y Folletos | General | General | En catalogación | 24.10.2012 | LF1 | xxx S527r | 37655-20 | 25.06.2020 | 25.06.2020 | No se presta | e. 2 | ||||
| Monografías: Libros y Folletos | General | General | En catalogación | 24.10.2012 | LF1 | xxx S527r | 37655-30 | 25.06.2020 | 25.06.2020 | Préstamo en sala | e. 3 |
